Delfines de río en Suramérica / (Registro nro. 17790)

Detalles MARC
000 -CABECERA
Campo de control 01633nam a2200301 a 4500
005 - FECHA Y HORA DE LA ULTIMA TRANSACCION
Campo de control 20200104041733.0
008 - ELEMENTOS DE LONGITUD FIJA—INFORMACION GENERAL
Campo de control 140520n ck a gr 00010 spa d
020 ## - ISBN
ISBN 9789588554150
040 ## - FUENTE DE CATALOGACIÓN
Agencia catalogadora original CO-BoBLA
Agencia transcriptora CO-BoBLA
Agencia Modificadora CO-BoIAVH
041 0# - IDIOMA
Código de idioma para texto/pista de sonido o título separado Español
044 ## - PAÍS DE PUBLICACIÓN
País de publicación Colombia
082 04 - NUMERO DE CLASIFICACION DECIMAL DEWEY
Número de clasificación 599.538
Número del ítem D35d
245 00 - MENCION DE TITULO
Título Delfines de río en Suramérica /
Mención de responsabilidad fotografías María Claudia Díazgranados, Fernando Trujillo, Thomas Jefferson [y otro] ; ilustraciones Luisa Fda. Cuervo G.-.
260 ## - PUBLICACION, DISTRIBUCION, ETC. (PIE DE IMPRENTA)
Lugar de publicación, distribución, etc. Bogotá (Colombia):
Nombre del editor, distribuidor, etc. Fundación Omacha,
Fecha de publicación, distribución, etc. 2011.
300 ## - DESCRIPCION FISICA
Extensión 64 páginas :
Otros detalles físicos ilustraciones y fotografías a color ;
Dimensiones 20 cm.
500 ## - NOTA GENERAL
Nota general Glosario : página 62.
504 ## - NOTA DE BIBLIOGRAFIA, ETC.
Nota de bibliografía Incluye referencias bibliográficas (página 63)
505 0# - NOTA DE CONTENIDO
Nota de contenido 1. ¿Donde se encuentran los delfines de río?<br/>2. ¿Cómo llegaron los ríos?<br/>3. Diferencias entre los delfines marinos y los delfines de río.<br/>4. ¿Que especies viven en Amazonia y la Orinoquia?<br/>5. ¿Cuales son sus hábitats principales?<br/>6. ¿Qué comen?<br/>7. ¿Cómo y cuando se reproducen?<br/>8. ¿Cómo es su vida social?<br/>9. ¿Cómo descansan?<br/>10. ¿Juegan los delfines?
650 #4 - ASIENTO SECUNDARIO DE MATERIA - TERMINO TEMATICO
Término temático o nombre geográfico como elemento de entrada Delfines de río
Subdivisión general Hábitos y conducta.
9 (RLIN) 38926
650 #4 - ASIENTO SECUNDARIO DE MATERIA - TERMINO TEMATICO
Término temático o nombre geográfico como elemento de entrada Delfines de río
Subdivisión general Clasificación.
9 (RLIN) 38927
650 #4 - ASIENTO SECUNDARIO DE MATERIA - TERMINO TEMATICO
Término temático o nombre geográfico como elemento de entrada Delfines de río
Subdivisión general Distribución geográfica
Subdivisión geográfica América del Sur.
9 (RLIN) 38928
700 1# - ASIENTO SECUNDARIO - NOMBRE PERSONAL
Nombre personal Díazgranados, María Claudia,
Término de relación fotógrafa.
9 (RLIN) 38929
700 1# - ASIENTO SECUNDARIO - NOMBRE PERSONAL
Nombre personal Trujillo, Fernando,
Término de relación fotógrafo.
9 (RLIN) 366
700 1# - ASIENTO SECUNDARIO - NOMBRE PERSONAL
Nombre personal Jefferson, Thomas,
Término de relación fotógrafo.
9 (RLIN) 38924
700 1# - ASIENTO SECUNDARIO - NOMBRE PERSONAL
Nombre personal Zahangiur, Shushuk,
Término de relación fotógrafa.
9 (RLIN) 38925
700 1# - ASIENTO SECUNDARIO - NOMBRE PERSONAL
Nombre personal Cuervo G., Luisa Fernanda,
Término de relación ilustradora.
9 (RLIN) 37612
942 ## - ELEMENTOS ADICIONALES (KOHA)
Sistema de clasificación Dewey Decimal Classification
Tipo de ítem Libro
Existencias
Withdrawn status Lost status Sistema de Clasificación Damaged status No para préstamo Colección Inventariado Ubicación Permanente Ubicación actual Fecha de adquisición Fuente de Valor Valor Total Checkouts Número topográfico Inventario / Código de Barras Date last seen Ejemplar Price effective from Forma de adquisición Tipo de material
    Dewey Decimal Classification     General Inventariado 2017 Bogotá Bogotá 18/09/2015 Instituto 39000.00   LB-599.538 D35d 035207 18/09/2015 Ej. 1 18/09/2015   Libro
    Dewey Decimal Classification     General Inventariado 2017 Sala Fabio Quevedo Sala Fabio Quevedo 18/09/2015 Instituto 39000.00   LB-599.538 D35d 035208 18/09/2015 Ej. 2 18/09/2015   Libro